[Event "World Chess Olympiad 2018"]
[Site "Batumi"]
[Date "2018.09.26"]
[Round "3"]
[Board "3"]
[WhiteFideId "24194662"]
[White "Tersinsev Andrey"]
[BlackFideId "4403304"]
[Black "Sanchez Sebastian Felipe"]
[Result "0-1"]
[LiveChessVersion "1.4.8"]
[BlackElo "2424"]
[WhiteElo "2194"]

1. d4 {[%clk 1:30:50]} Nf6 {[%clk 1:30:54]} 2. c4 {[%clk 1:31:08]} e6
{[%clk 1:31:18]} 3. Nc3 {[%clk 1:31:27]} Bb4 {[%clk 1:31:40]} 4. e3
{[%clk 1:31:45]} O-O {[%clk 1:32:04]} 5. Nge2 {[%clk 1:32:02]} Re8
{[%clk 1:32:21]} 6. a3 {[%clk 1:32:22]} Bf8 {[%clk 1:32:42]} 7. Ng3
{[%clk 1:32:19]} d5 {[%clk 1:31:17]} 8. Be2 {[%clk 1:32:15]} c5 {[%clk 1:28:12]}
9. dxc5 {[%clk 1:32:25]} Bxc5 {[%clk 1:28:19]} 10. b4 {[%clk 1:31:54]} Bf8
{[%clk 1:26:33]} 11. Bb2 {[%clk 1:24:39]} Nc6 {[%clk 1:21:22]} 12. O-O
{[%clk 1:19:26]} g6 {[%clk 1:12:34]} 13. Qb3 {[%clk 1:12:36]} a5 {[%clk 1:03:37]}
14. b5 {[%clk 1:09:50]} dxc4 {[%clk 0:57:57]} 15. Qxc4 {[%clk 1:01:52]} Ne5 16.
Qf4 {[%clk 0:59:45]} Ned7 {[%clk 0:55:59]} 17. Rfd1 {[%clk 0:53:50]} Bg7
{[%clk 0:55:10]} 18. e4 {[%clk 0:50:20]} h5 {[%clk 0:37:33]} 19. e5
{[%clk 0:44:09]} Qc7 {[%clk 0:37:05]} 20. b6 {[%clk 0:26:47]} Qxe5
{[%clk 0:28:16]} 21. Qc1 {[%clk 0:26:55]} Qc5 {[%clk 0:08:55]} 22. Nb5
{[%clk 0:27:09]} Qxc1 {[%clk 0:06:22]} 23. Raxc1 {[%clk 0:27:24]} Nxb6
{[%clk 0:05:38]} 24. Nc7 {[%clk 0:23:34]} Bd7 {[%clk 0:05:43]} 25. Nxa8
{[%clk 0:22:50]} Rxa8 {[%clk 0:05:12]} 26. Bxf6 {[%clk 0:21:29]} Bxf6
{[%clk 0:05:39]} 27. Rb1 {[%clk 0:20:19]} Nd5 {[%clk 0:05:56]} 28. Ne4
{[%clk 0:17:20]} Be7 {[%clk 0:03:14]} 29. Rxb7 {[%clk 0:10:53]} Bc6
{[%clk 0:03:26]} 30. Rxe7 {[%clk 0:08:31]} Nxe7 {[%clk 0:03:51]} 31. Bf3
{[%clk 0:08:18]} Rb8 {[%clk 0:02:53]} 32. Rc1 {[%clk 0:04:42]} Kg7
{[%clk 0:02:57]} 33. Kf1 {[%clk 0:04:26]} Rb3 {[%clk 0:01:39]} 34. Ra1
{[%clk 0:02:28]} Bd5 {[%clk 0:01:45]} 35. a4 {[%clk 0:02:09]} Rb4
{[%clk 0:01:56]} 36. Nd2 {[%clk 0:01:28]} f6 {[%clk 0:01:29]} 37. Bd1
{[%clk 0:01:15]} Nc6 {[%clk 0:00:59]} 38. Rc1 {[%clk 0:01:20]} Nd4
{[%clk 0:01:02]} 39. Rc5 {[%clk 0:01:26]} Rb2 {[%clk 0:01:06]} 40. Nf3
{[%clk 0:31:13]} Rb1 {[%clk 0:31:20]} 41. Ke1 {[%clk 0:29:25]} Nxf3+
{[%clk 0:31:37]} 42. gxf3 {[%clk 0:29:46]} Bxf3 {[%clk 0:31:54]} 43. Rc7+
{[%clk 0:30:01]} Kh6 {[%clk 0:32:17]} 44. Rd7 {[%clk 0:30:19]} Kg5
{[%clk 0:31:50]} 0-1

[Event "World Chess Olympiad 2018"]
[Site "Batumi"]
[Date "2018.09.26"]
[Round "3"]
[Board "4"]
[WhiteFideId "4404025"]
[White "Martinez Romero Martin"]
[BlackFideId "14511444"]
[Black "Glazar Domagoj"]
[Result "1-0"]
[LiveChessVersion "1.4.8"]
[BlackElo "2145"]
[WhiteElo "2438"]

1. e4 {[%clk 1:30:35]} Nf6 {[%clk 1:30:44]} 2. e5 {[%clk 1:30:04]} Nd5
{[%clk 1:31:01]} 3. d4 {[%clk 1:29:53]} d6 {[%clk 1:31:08]} 4. Nf3
{[%clk 1:30:20]} dxe5 {[%clk 1:31:25]} 5. dxe5 {[%clk 1:30:28]} Bg4
{[%clk 1:30:37]} 6. c3 {[%clk 1:23:22]} g6 {[%clk 1:29:10]} 7. Nbd2
{[%clk 1:20:33]} Bg7 {[%clk 1:28:39]} 8. Bc4 {[%clk 1:02:40]} O-O
{[%clk 1:22:13]} 9. h3 {[%clk 1:02:29]} Bf5 {[%clk 1:18:59]} 10. Nd4
{[%clk 0:56:51]} Bc8 {[%clk 1:17:51]} 11. N2f3 {[%clk 0:56:34]} Nb6
{[%clk 1:14:14]} 12. Qe2 {[%clk 0:50:15]} Nxc4 {[%clk 1:12:11]} 13. Qxc4
{[%clk 0:50:42]} b6 {[%clk 1:11:30]} 14. e6 {[%clk 0:46:38]} f5 {[%clk 1:04:14]}
15. Bf4 {[%clk 0:32:48]} c5 {[%clk 1:02:32]} 16. Nb5 {[%clk 0:32:16]} Ba6
{[%clk 1:02:01]} 17. O-O {[%clk 0:30:46]} Qe8 {[%clk 1:00:56]} 18. a4
{[%clk 0:30:49]} Nc6 {[%clk 0:58:57]} 19. Rad1 {[%clk 0:29:36]} Na5
{[%clk 0:55:49]} 20. Qe2 {[%clk 0:29:57]} Qc6 {[%clk 0:54:08]} 21. Rd7
{[%clk 0:26:10]} Qe4 {[%clk 0:53:35]} 22. Qd2 {[%clk 0:14:41]} Nb3
{[%clk 0:52:58]} 23. Qd5 {[%clk 0:13:44]} Qxf4 {[%clk 0:52:36]} 24. Rxe7
{[%clk 0:11:32]} Na5 {[%clk 0:51:32]} 25. Rd7 {[%clk 0:11:14]} Bb7
{[%clk 0:44:35]} 26. Rxb7 {[%clk 0:09:31]} Nxb7 {[%clk 0:42:26]} 27. e7+
{[%clk 0:09:47]} Rf7 {[%clk 0:42:26]} 28. Re1 {[%clk 0:09:24]} Re8
{[%clk 0:42:16]} 29. Qd7 {[%clk 0:07:35]} Rfxe7 {[%clk 0:39:55]} 30. Rxe7
{[%clk 0:07:24]} Rxe7 {[%clk 0:39:54]} 31. Qxe7 {[%clk 0:07:49]} Qe4
{[%clk 0:38:01]} 32. Qd7 {[%clk 0:06:53]} Bf8 {[%clk 0:29:36]} 33. Ng5
{[%clk 0:05:03]} Qe7 {[%clk 0:29:30]} 34. Qd5+ {[%clk 0:05:29]} Kg7
{[%clk 0:28:20]} 35. Ne6+ {[%clk 0:05:49]} Kh6 {[%clk 0:25:00]} 36. Nxf8
{[%clk 0:04:51]} Qe1+ {[%clk 0:23:13]} 37. Kh2 {[%clk 0:05:18]} Qxf2
{[%clk 0:22:50]} 38. Qe5 {[%clk 0:04:45]} Nd8 {[%clk 0:21:02]} 39. Nd6
{[%clk 0:03:55]} f4 {[%clk 0:17:06]} 40. Ne6 {[%clk 0:33:19]} 1-0

[Event "World Chess Olympiad 2018"]
[Site "Batumi"]
[Date "2018.09.26"]
[Round "3"]
[Board "1"]
[WhiteFideId "7000812"]
[White "Kojima Shinya"]
[BlackFideId "4101898"]
[Black "Babarykin Stanislav"]
[Result "1-0"]
[LiveChessVersion "1.4.8"]
[BlackElo "2396"]
[WhiteElo "2408"]

1. Nf3 {[%clk 1:30:56]} d5 {[%clk 1:30:35]} 2. d4 {[%clk 1:31:20]} c6
{[%clk 1:30:48]} 3. c4 {[%clk 1:31:42]} e6 {[%clk 1:31:00]} 4. Qc2
{[%clk 1:32:06]} Nd7 {[%clk 1:24:20]} 5. Bf4 {[%clk 1:25:36]} Ngf6
{[%clk 1:21:57]} 6. e3 {[%clk 1:25:48]} Be7 {[%clk 1:22:06]} 7. h3
{[%clk 1:24:21]} O-O {[%clk 1:21:30]} 8. Nc3 {[%clk 1:24:41]} a6 {[%clk 1:08:23]}
9. Rd1 {[%clk 1:13:21]} Qa5 {[%clk 0:51:19]} 10. Nd2 {[%clk 1:08:34]} Re8
{[%clk 0:32:57]} 11. Be2 {[%clk 1:03:07]} c5 {[%clk 0:31:19]} 12. O-O
{[%clk 1:02:02]} cxd4 {[%clk 0:25:32]} 13. exd4 {[%clk 1:02:26]} Nb8
{[%clk 0:25:26]} 14. cxd5 {[%clk 0:50:19]} exd5 {[%clk 0:25:24]} 15. Nb3
{[%clk 0:49:46]} Qd8 {[%clk 0:25:27]} 16. Bf3 {[%clk 0:49:07]} Nc6
{[%clk 0:23:06]} 17. a3 {[%clk 0:46:59]} g6 {[%clk 0:17:33]} 18. g4
{[%clk 0:41:45]} h5 {[%clk 0:12:41]} 19. g5 {[%clk 0:37:57]} Bf5 {[%clk 0:08:47]}
20. Qc1 {[%clk 0:31:36]} Nh7 {[%clk 0:02:22]} 21. h4 {[%clk 0:30:48]} Qb6
{[%clk 0:00:47]} 22. Nc5 {[%clk 0:30:40]} 1-0

[Event "World Chess Olympiad 2018"]
[Site "Batumi"]
[Date "2018.09.26"]
[Round "3"]
[Board "2"]
[WhiteFideId "4107101"]
[White "Meshkov Yuri A."]
[BlackFideId "7000634"]
[Black "Nanjo Ryosuke"]
[Result "1-0"]
[LiveChessVersion "1.4.8"]
[BlackElo "2324"]
[WhiteElo "2313"]

1. e4 {[%clk 1:31:16]} c5 {[%clk 1:30:56]} 2. Nf3 {[%clk 1:31:39]} d6
{[%clk 1:31:23]} 3. Bb5+ {[%clk 1:29:59]} Nd7 {[%clk 1:31:46]} 4. d4
{[%clk 1:25:34]} Ngf6 {[%clk 1:32:09]} 5. Nc3 {[%clk 1:25:41]} cxd4
{[%clk 1:32:02]} 6. Qxd4 a6 {[%clk 1:30:44]} 7. Bxd7+ {[%clk 1:24:54]} Bxd7
{[%clk 1:31:10]} 8. Bg5 {[%clk 1:19:48]} e6 {[%clk 1:17:34]} 9. e5
{[%clk 1:17:45]} dxe5 {[%clk 1:17:45]} 10. Nxe5 {[%clk 1:12:59]} Bc6
{[%clk 1:12:41]} 11. Nxc6 {[%clk 1:12:17]} bxc6 {[%clk 1:13:00]} 12. Qc4
{[%clk 0:41:48]} Qb6 {[%clk 1:10:50]} 13. Be3 {[%clk 0:41:30]} Qc7
{[%clk 1:07:28]} 14. O-O-O {[%clk 0:38:43]} Be7 {[%clk 1:06:45]} 15. Bf4
{[%clk 0:38:16]} Qb7 {[%clk 1:02:03]} 16. Bd6 O-O {[%clk 1:00:59]} 17. Bxe7
{[%clk 0:31:10]} Qxe7 {[%clk 1:01:26]} 18. Qxc6 {[%clk 0:29:15]} Rfc8
{[%clk 1:01:06]} 19. Qd6 {[%clk 0:28:11]} Qb7 {[%clk 1:00:38]} 20. f3
{[%clk 0:27:14]} Rc6 {[%clk 0:41:56]} 21. Qd8+ {[%clk 0:25:46]} Ne8
{[%clk 0:42:15]} 22. Rd7 {[%clk 0:26:03]} Rxd8 {[%clk 0:34:55]} 23. Rxb7
{[%clk 0:25:15]} Rdc8 {[%clk 0:29:53]} 24. Rd1 {[%clk 0:24:00]} Nf6
{[%clk 0:30:13]} 25. Rd2 {[%clk 0:19:56]} h6 {[%clk 0:26:12]} 26. Rb4
{[%clk 0:19:47]} Kh7 {[%clk 0:23:10]} 27. Rbd4 {[%clk 0:17:01]} a5
{[%clk 0:21:31]} 28. R2d3 {[%clk 0:17:13]} Nd5 {[%clk 0:17:32]} 29. Ra4
{[%clk 0:10:10]} Rc5 {[%clk 0:16:34]} 30. Kd1 {[%clk 0:09:39]} Nb6
{[%clk 0:11:53]} 31. Re4 {[%clk 0:07:55]} R8c6 {[%clk 0:10:32]} 32. Re2
{[%clk 0:06:28]} f5 {[%clk 0:10:41]} 33. Kc1 {[%clk 0:06:11]} Kg6
{[%clk 0:10:18]} 34. g3 {[%clk 0:05:44]} Kf6 35. Nd1 {[%clk 0:05:57]} Nd5
{[%clk 0:06:31]} 36. a3 {[%clk 0:05:55]} g5 {[%clk 0:05:58]} 37. Ne3
{[%clk 0:04:47]} Nb6 {[%clk 0:06:13]} 38. b3 {[%clk 0:04:07]} h5 {[%clk 0:04:36]}
39. f4 {[%clk 0:02:58]} e5 {[%clk 0:03:21]} 40. fxg5+ {[%clk 0:33:00]} Kxg5
{[%clk 0:03:42]} 41. Rf2 {[%clk 0:33:18]} f4 {[%clk 0:32:23]} 42. h4+ Kf6
{[%clk 0:31:23]} 43. gxf4 {[%clk 0:29:55]} e4 {[%clk 0:31:52]} 44. Rd4
{[%clk 0:27:07]} a4 {[%clk 0:31:16]} 45. Kb2 axb3 46. cxb3 {[%clk 0:27:31]} Re6
{[%clk 0:30:26]} 47. Rg2 {[%clk 0:22:02]} Rf5 {[%clk 0:29:49]} 48. Rf2
{[%clk 0:22:12]} Rc5 {[%clk 0:29:41]} 49. a4 {[%clk 0:21:53]} Nc8
{[%clk 0:29:19]} 50. b4 {[%clk 0:20:31]} Rcc6 {[%clk 0:29:28]} 51. Rd5
{[%clk 0:19:55]} Nd6 {[%clk 0:28:13]} 52. Rc2 {[%clk 0:19:50]} Rb6
{[%clk 0:27:20]} 53. b5 {[%clk 0:19:54]} Ne8 {[%clk 0:25:08]} 54. Rxh5
{[%clk 0:16:27]} Rbd6 {[%clk 0:25:32]} 55. Rc8 {[%clk 0:16:38]} Rd2+
{[%clk 0:24:18]} 56. Kc1 {[%clk 0:16:21]} Rd3 {[%clk 0:24:10]} 57. Rh6+
{[%clk 0:16:38]} Kf7 {[%clk 0:24:30]} 58. Rxe6 1-0

[Event "World Chess Olympiad 2018"]
[Site "Batumi"]
[Date "2018.09.26"]
[Round "3"]
[Board "3"]
[WhiteFideId "7000936"]
[White "Yamada Kohei"]
[BlackFideId "14114879"]
[Black "Grigorchuk Sergey"]
[Result "1-0"]
[LiveChessVersion "1.4.8"]
[BlackElo "2288"]
[WhiteElo "2128"]

1. e4 e6 2. d4 d5 3. Nc3 Bb4 4. e5 c5 5. a3 Bxc3+ 6. bxc3 Qa5 7. Bd2 Qa4 8. Qb1
c4 9. Be2 Nc6 10. Nh3 Nge7 11. Nf4 O-O 12. Bg4 Qa5 13. Qd1 f6 14. Bxe6+ Bxe6 15.
Nxe6 Rfe8 16. O-O Ng6 17. Qg4 fxe5 18. Ng5 Nxd4 19. Qh5 h6 20. Qxg6 hxg5 21. Rae1
Nc6 22. Re3 e4 23. Rh3 Ne5 24. Qh7+ Kf7 25. Qf5+ Kg8 26. Rb1 Qc7 27. Qh7+ Kf7 28.
Bxg5 Ng6 29. Bh6 Kf6 30. Rg3 Nf8 31. Bxg7+ Ke6 32. Qg8+ Kd6 33. Qh8 Kc6 34. Bxf8
Rxf8 35. Rg6+ 1-0

[Event "World Chess Olympiad 2018"]
[Site "Batumi"]
[Date "2018.09.26"]
[Round "3"]
[Board "4"]
[WhiteFideId "1103520"]
[White "Dukaczewski Piotr"]
[BlackFideId "7001762"]
[Black "Otawa Yuto"]
[Result "0-1"]
[LiveChessVersion "1.4.8"]
[BlackElo "2161"]
[WhiteElo "2259"]

1. d4 Nf6 2. c4 c5 3. d5 e6 4. Nc3 exd5 5. cxd5 d6 6. e4 g6 7. f4 Bg7 8. Bb5+
Nfd7 9. a4 O-O 10. Nf3 Na6 11. O-O Nb4 12. Re1 a6 13. Bf1 Re8 14. Be3 Nf6 15. Bf2
Ng4 16. Bh4 Qxh4 17. Nxh4 Bd4+ 18. Qxd4 cxd4 19. Na2 Nc2 20. Bd3 Nxa1 21. Rxa1
Nf6 22. Nf3 Nxe4 23. Nxd4 Bd7 24. b3 Nc5 25. Bc2 Re3 26. Rd1 Rae8 27. Kf2 b5 28.
a5 Bc8 29. Nb4 Nd7 30. h3 Nf6 31. Bd3 Bb7 32. Ndc6 Nh5 33. Nc2 Rxd3 34. Rxd3 Nxf4
35. Rd2 Kg7 36. N2b4 g5 37. Kf3 h5 38. h4 f6 39. g3 Ng6 40. Nd4 Ne5+ 41. Kg2 Kg6
42. Rc2 Ng4 43. Rc7 Ne3+ 44. Kf3 Nxd5 45. Rxb7 Nxb4 46. hxg5 fxg5 47. Rb6 Rf8+
48. Kg2 Rf6 49. Nc6 Nxc6 50. Rxc6 d5 51. Rc8 Rd6 52. Kf3 d4 53. Rb8 Kf5 54. Rf8+
Ke5 55. Ke2 Ke4 56. Rh8 d3+ 57. Kd2 Kf3 58. Rxh5 g4 59. Rh8 Kxg3 60. Rb8 Kf4 61.
Rf8+ Kg5 62. Rg8+ Rg6 63. Rd8 g3 64. Ke3 g2 65. Kf2 Kf4 66. Kg1 Ke3 0-1

[Event "World Chess Olympiad 2018"]
[Site "Batumi"]
[Date "2018.09.26"]
[Round "3"]
[Board "1"]
[WhiteFideId "6100031"]
[White "Lacayo Rene"]
[BlackFideId "13602853"]
[Black "Tutisani Noe"]
[Result "0-1"]
[LiveChessVersion "1.4.8"]
[BlackElo "2471"]
[WhiteElo "2228"]

1. d4 {[%clk 1:30:55]} Nf6 {[%clk 1:30:39]} 2. Nf3 {[%clk 1:30:55]} g6
{[%clk 1:30:32]} 3. Bf4 {[%clk 1:29:59]} Bg7 {[%clk 1:30:32]} 4. e3
{[%clk 1:29:58]} d6 {[%clk 1:30:50]} 5. Be2 {[%clk 1:30:00]} O-O {[%clk 1:30:49]}
6. h3 {[%clk 1:29:56]} Nbd7 {[%clk 1:30:51]} 7. O-O {[%clk 1:27:27]} Qe8
{[%clk 1:31:09]} 8. Bh2 {[%clk 1:25:17]} e5 {[%clk 1:31:24]} 9. c4
{[%clk 1:12:18]} Qe7 {[%clk 1:27:49]} 10. Nc3 {[%clk 1:12:34]} c6
{[%clk 1:22:33]} 11. Rc1 {[%clk 1:09:06]} e4 {[%clk 1:21:21]} 12. Nd2
{[%clk 1:08:40]} a6 {[%clk 1:18:28]} 13. b4 {[%clk 0:55:05]} Re8 {[%clk 1:16:30]}
14. c5 {[%clk 0:48:36]} d5 {[%clk 1:16:47]} 15. a4 {[%clk 0:49:05]} h5
{[%clk 1:15:12]} 16. b5 {[%clk 0:49:23]} Nf8 {[%clk 1:13:56]} 17. bxc6
{[%clk 0:47:58]} bxc6 {[%clk 1:14:20]} 18. Rb1 {[%clk 0:47:53]} Qe6
{[%clk 1:06:19]} 19. Nb3 {[%clk 0:40:38]} a5 {[%clk 1:02:51]} 20. Na2
{[%clk 0:37:35]} Qe7 {[%clk 1:03:07]} 21. Nd2 {[%clk 0:30:17]} Bf5
{[%clk 1:03:04]} 22. Rb6 {[%clk 0:29:37]} Qd7 {[%clk 1:01:30]} 23. Nb3
{[%clk 0:28:34]} N8h7 {[%clk 0:59:29]} 24. Qd2 {[%clk 0:25:03]} Bh6
{[%clk 0:53:18]} 25. Nxa5 {[%clk 0:20:00]} Bxh3 {[%clk 0:47:45]} 26. Nxc6
{[%clk 0:12:06]} Ng5 {[%clk 0:44:38]} 27. Ne5 {[%clk 0:11:33]} Rxe5
{[%clk 0:40:40]} 28. Rxf6 {[%clk 0:10:44]} Bxg2 {[%clk 0:37:20]} 29. dxe5
{[%clk 0:10:31]} Bf3 {[%clk 0:36:08]} 30. Rxf3 {[%clk 0:10:31]} exf3
{[%clk 0:35:55]} 31. Kh1 {[%clk 0:10:36]} Rxa4 {[%clk 0:34:26]} 32. Rg1 Ne4
{[%clk 0:34:25]} 33. Qe1 {[%clk 0:10:55]} Rxa2 {[%clk 0:34:51]} 0-1

[Event "World Chess Olympiad 2018"]
[Site "Batumi"]
[Date "2018.09.26"]
[Round "3"]
[Board "2"]
[WhiteFideId "13608207"]
[White "Oboladze Luka"]
[BlackFideId "6100457"]
[Black "Alfaro William"]
[Result "1-0"]
[LiveChessVersion "1.4.8"]
[BlackElo "2163"]
[WhiteElo "2340"]

1. c4 {[%clk 1:30:52]} Nf6 {[%clk 1:26:42]} 2. Nc3 {[%clk 1:30:58]} c5
{[%clk 1:26:45]} 3. g3 {[%clk 1:31:10]} g6 {[%clk 1:27:10]} 4. Bg2
{[%clk 1:31:34]} Bg7 {[%clk 1:27:39]} 5. Nf3 {[%clk 1:30:53]} O-O
{[%clk 1:28:04]} 6. O-O {[%clk 1:30:48]} d5 {[%clk 1:28:17]} 7. cxd5
{[%clk 1:30:51]} Nxd5 {[%clk 1:28:43]} 8. Nxd5 {[%clk 1:16:55]} Qxd5
{[%clk 1:28:11]} 9. d3 {[%clk 1:16:53]} Nc6 {[%clk 1:28:30]} 10. Be3
{[%clk 1:05:53]} Qd6 {[%clk 1:10:27]} 11. Rc1 {[%clk 0:58:02]} Nd4
{[%clk 1:02:40]} 12. Nd2 {[%clk 0:53:38]} Bg4 {[%clk 1:00:48]} 13. Re1
{[%clk 0:50:09]} Qd7 {[%clk 0:52:57]} 14. Rxc5 {[%clk 0:47:04]} Rac8
{[%clk 0:53:17]} 15. Rd5 {[%clk 0:46:38]} Nxe2+ {[%clk 0:50:08]} 16. Qxe2
{[%clk 0:43:24]} Qxd5 {[%clk 0:50:04]} 17. Bxd5 {[%clk 0:43:26]} Bxe2
{[%clk 0:50:28]} 18. Rxe2 {[%clk 0:43:52]} Rc2 {[%clk 0:46:01]} 19. b4
{[%clk 0:31:28]} Bc3 {[%clk 0:40:48]} 20. Bb3 {[%clk 0:29:56]} Rb2
{[%clk 0:41:12]} 21. b5 {[%clk 0:29:25]} Rd8 {[%clk 0:36:06]} 22. Bc4
{[%clk 0:28:59]} e5 {[%clk 0:30:41]} 23. Kf1 {[%clk 0:26:56]} a6 {[%clk 0:30:43]}
24. bxa6 {[%clk 0:26:22]} b5 {[%clk 0:31:05]} 25. Bb3 {[%clk 0:26:14]} Ra8
{[%clk 0:26:56]} 26. Ne4 {[%clk 0:20:24]} Rxe2 {[%clk 0:22:27]} 27. Kxe2
{[%clk 0:20:44]} Bd4 {[%clk 0:22:55]} 28. Bxd4 {[%clk 0:20:58]} exd4
{[%clk 0:22:48]} 29. Nc5 {[%clk 0:21:22]} 1-0

[Event "World Chess Olympiad 2018"]
[Site "Batumi"]
[Date "2018.09.26"]
[Round "3"]
[Board "3"]
[WhiteFideId "6100376"]
[White "Picado Jorge"]
[BlackFideId "13611216"]
[Black "Petriashvili Nikoloz"]
[Result "1/2-1/2"]
[LiveChessVersion "1.4.8"]
[BlackElo "2343"]
[WhiteElo "2143"]

1. e4 {[%clk 1:30:04]} g6 {[%clk 1:30:32]} 2. d4 {[%clk 1:30:21]} Bg7
{[%clk 1:30:56]} 3. Nc3 {[%clk 1:29:25]} d6 {[%clk 1:31:19]} 4. Be3
{[%clk 1:28:59]} a6 {[%clk 1:30:55]} 5. a4 {[%clk 1:27:13]} Nf6 {[%clk 1:27:06]}
6. f3 {[%clk 1:24:59]} O-O {[%clk 1:11:14]} 7. Nge2 {[%clk 1:15:37]} e5
{[%clk 1:07:23]} 8. dxe5 {[%clk 1:03:17]} dxe5 {[%clk 1:07:40]} 9. g4
{[%clk 0:56:34]} Be6 {[%clk 1:05:39]} 10. g5 {[%clk 0:56:13]} Nh5
{[%clk 1:04:02]} 11. Qxd8 {[%clk 0:49:02]} Rxd8 {[%clk 1:04:26]} 12. Rd1
{[%clk 0:49:18]} Nc6 {[%clk 1:03:28]} 13. Nd5 {[%clk 0:44:47]} Bxd5
{[%clk 0:51:54]} 14. exd5 {[%clk 0:44:50]} Nd4 {[%clk 0:51:45]} 15. Nxd4
{[%clk 0:42:33]} exd4 {[%clk 0:52:10]} 16. Bxd4 {[%clk 0:42:48]} Rxd5
{[%clk 0:52:31]} 17. Bxg7 {[%clk 0:43:09]} Re8+ {[%clk 0:52:51]} 18. Be2
{[%clk 0:43:24]} Rxd1+ {[%clk 0:52:54]} 19. Kxd1 {[%clk 0:43:45]} Kxg7
{[%clk 0:52:17]} 20. Kd2 {[%clk 0:41:17]} Nf4 {[%clk 0:45:04]} 21. Bf1
{[%clk 0:39:47]} h6 {[%clk 0:38:23]} 22. gxh6+ {[%clk 0:36:19]} Kxh6
{[%clk 0:38:46]} 23. Bc4 {[%clk 0:34:19]} f5 {[%clk 0:27:00]} 24. b4
{[%clk 0:29:49]} Kg5 {[%clk 0:25:38]} 25. Re1 {[%clk 0:17:07]} Rd8+
{[%clk 0:25:59]} 26. Kc3 {[%clk 0:17:12]} Kf6 {[%clk 0:26:26]} 27. Rf1
{[%clk 0:16:42]} g5 {[%clk 0:24:28]} 28. Rf2 {[%clk 0:15:53]} Re8
{[%clk 0:16:32]} 29. Kd2 {[%clk 0:15:59]} c5 {[%clk 0:13:05]} 30. c3
{[%clk 0:12:08]} Rc8 {[%clk 0:13:09]} 31. b5 {[%clk 0:11:46]} a5 {[%clk 0:13:07]}
32. Kc2 {[%clk 0:11:23]} b6 {[%clk 0:07:40]} 33. Rd2 {[%clk 0:11:07]} Ke7
{[%clk 0:08:07]} 34. Rf2 {[%clk 0:09:34]} Rh8 {[%clk 0:08:00]} 35. Kd2
{[%clk 0:09:21]} Kf6 {[%clk 0:08:22]} 36. Kc2 {[%clk 0:09:37]} Ke5
{[%clk 0:07:26]} 37. Kb3 {[%clk 0:08:11]} Rd8 {[%clk 0:05:02]} 38. Kc2
{[%clk 0:08:13]} Rh8 {[%clk 0:03:32]} 39. Kb3 {[%clk 0:08:35]} Rh6
{[%clk 0:03:57]} 40. Kc2 {[%clk 0:36:53]} Rh3 {[%clk 0:32:19]} 41. Bf1
{[%clk 0:37:05]} Rh7 {[%clk 0:29:14]} 42. Bc4 {[%clk 0:36:22]} Rh6
{[%clk 0:21:40]} 43. Kb3 {[%clk 0:36:30]} Rd6 {[%clk 0:20:31]} 44. Kc2
{[%clk 0:36:51]} Ng6 {[%clk 0:20:57]} 45. Rd2 {[%clk 0:33:34]} Nh4
{[%clk 0:19:03]} 46. f4+ {[%clk 0:28:34]} gxf4 {[%clk 0:19:27]} 47. Rxd6
{[%clk 0:26:44]} Kxd6 {[%clk 0:19:56]} 48. Kd1 {[%clk 0:25:51]} Nf3
{[%clk 0:19:35]} 49. h3 {[%clk 0:26:07]} Ke5 {[%clk 0:20:03]} 50. Bd3
{[%clk 0:26:01]} Kf6 {[%clk 0:14:51]} 51. Be2 {[%clk 0:22:17]} Ne5
{[%clk 0:12:36]} 52. Ke1 {[%clk 0:22:20]} Kg5 {[%clk 0:12:36]} 53. Kf2
{[%clk 0:22:32]} Ng6 {[%clk 0:12:56]} 54. Bc4 {[%clk 0:21:35]} Ne5
{[%clk 0:13:20]} 55. Be6 {[%clk 0:21:25]} Kf6 {[%clk 0:13:38]} 56. Bb3
{[%clk 0:20:34]} Nd3+ {[%clk 0:13:09]} 57. Kf3 {[%clk 0:20:49]} Kg5
{[%clk 0:12:36]} 58. Be6 {[%clk 0:20:43]} c4 {[%clk 0:09:58]} 59. h4+
{[%clk 0:18:29]} Kxh4 {[%clk 0:10:22]} 60. Bxf5 {[%clk 0:18:45]} Nc5
{[%clk 0:09:16]} 61. Kxf4 {[%clk 0:18:33]} Nxa4 {[%clk 0:09:43]} 62. Be6
{[%clk 0:17:52]} Nb2 {[%clk 0:06:47]} 63. Ke3 {[%clk 0:18:09]} a4
{[%clk 0:04:52]} 64. Kd2 {[%clk 0:18:26]} a3 {[%clk 0:04:54]} 65. Kc2
{[%clk 0:18:43]} Kg5 {[%clk 0:04:33]} 66. Kb1 {[%clk 0:19:03]} Kf6
{[%clk 0:04:51]} 67. Bg8 {[%clk 0:19:21]} Nd1 {[%clk 0:03:52]} 68. Ka2
{[%clk 0:18:18]} Nxc3+ {[%clk 0:04:00]} 69. Kxa3 {[%clk 0:18:42]} Ke5
{[%clk 0:04:20]} 70. Bxc4 {[%clk 0:18:27]} Kd4 {[%clk 0:04:48]} 71. Kb4
{[%clk 0:17:41]} Ne4 {[%clk 0:05:07]} 72. Bf1 {[%clk 0:17:36]} Nc5
{[%clk 0:05:28]} 73. Bc4 {[%clk 0:17:21]} Nb7 {[%clk 0:05:40]} 74. Be2
{[%clk 0:17:37]} Nd6 {[%clk 0:06:07]} 75. Bf1 {[%clk 0:17:54]} Nf5
{[%clk 0:06:34]} 76. Bc4 {[%clk 0:17:45]} Ne3 {[%clk 0:07:02]} 77. Bg8
{[%clk 0:18:07]} Nc2+ {[%clk 0:07:20]} 78. Kb3 {[%clk 0:18:30]} Ne1
{[%clk 0:07:48]} 79. Kb4 {[%clk 0:18:38]} Nd3+ {[%clk 0:08:16]} 80. Kb3
{[%clk 0:18:57]} Kc5 {[%clk 0:08:41]} 81. Be6 {[%clk 0:18:51]} Ne5
{[%clk 0:09:06]} 82. Ka4 {[%clk 0:18:54]} Nd3 {[%clk 0:09:24]} 83. Kb3
{[%clk 0:19:11]} Nf2 {[%clk 0:09:40]} 84. Bf5 {[%clk 0:18:55]} Kxb5
{[%clk 0:10:04]} 85. Kc2 {[%clk 0:19:14]} Kc4 {[%clk 0:10:30]} 86. Be6+
{[%clk 0:17:34]} Kb4 {[%clk 0:10:55]} 87. Bf5 {[%clk 0:17:58]} Nh1
{[%clk 0:11:19]} 88. Kd3 {[%clk 0:17:08]} Ng3 {[%clk 0:11:32]} 89. Bg6
{[%clk 0:17:31]} Kb3 {[%clk 0:11:59]} 90. Ke3 {[%clk 0:17:43]} Kc3
{[%clk 0:12:25]} 91. Kf2 {[%clk 0:17:54]} 1/2-1/2